000 00648cam a2200181 4500500
005 20260111080300.0
041 _afre
042 _adc
100 1 0 _aGuihéneuf, Ronan
_eauthor
245 0 0 _aLa dématérialisation de la chaîne de la dépense au CHU de Nantes : un projet efficient et innovant
260 _c2018.
500 _a66
690 _adématérialisation
690 _afinances sociales
690 _ahôpitaux
786 0 _nGestion & Finances Publiques | 6 | 6 | 2018-11-30 | p. 85-92 | 1969-1009
856 4 1 _uhttps://droit.cairn.info/revue-gestion-et-finances-publiques-2018-6-page-85?lang=fr&redirect-ssocas=7080
999 _c1616105
_d1616105